000 00683nam a2200217Ia 4500
003 GCL
008 140319s9999 xx 000 0 ara d
040 _aGCL /
_cGCL
082 0 4 _a814.02
_bش م
100 1 _aشوقى ضيف
245 1 0 _aالمقامة /
_cشوقى ضيف
250 _aالسادسة
260 _aالقاهرة :
_bدار المعارف ،
_c1987
300 _a102 ص ؛
_c25 سم
490 _aفنون الادب العربى الفن القصصى
_v1
650 0 4 _aالادب العربى
650 0 4 _aالمقامات العربية
650 0 4 _aتاريخ ونقد
650 0 4 _aالادب العربى - تاريخ ونقد
942 _2ddc
_cBK
999 _c29041
_d29041